| 000 | 00653nam a2200229 a 4500 | ||
|---|---|---|---|
| 001 | 15302 | ||
| 003 | CO-ViMGA | ||
| 008 | 141112s2004 ck r 000 u spa d | ||
| 020 | _a9589289096 | ||
| 040 |
_aCO-ViMGA _bspa _cCO-ViMGA |
||
| 082 | 0 | 4 | _a462 S375c |
| 100 | 1 |
_aSerna M., J. Alberto _922234 |
|
| 245 | 1 | 0 | _aCómo enriquecer nuestro vocabulario mediante el empleo de las raíces Latinas |
| 260 |
_aBogotá, _cIdioma, _c1999 |
||
| 300 | _a834.p. | ||
| 650 | 1 | 4 |
_aESPAÑOL - VOCABULARIO _922235 |
| 650 | 1 | 4 |
_aLATIN - DICCIONARIO _922236 |
| 650 | 1 | 4 |
_aLEXICOGRAFIA _922237 |
| 650 | 1 | 4 |
_aORTOGRAFIA _922238 |
| 650 | 1 | 4 | _aREDACCION |
| 942 |
_2ddc _cBK |
||
| 999 |
_c25663 _d25663 |
||